Normal view
MARC view
- Prasad,V.S
Entry Personal Name
001 - CONTROL NUMBER
- control field: 634
003 - CONTROL NUMBER IDENTIFIER
- control field: OSt
005 - DATE AND TIME OF LATEST TRANSACTION
- control field: 20160628104718.0
008 - FIXED-LENGTH DATA ELEMENTS
- fixed length control field: 160628|| aca||aabn | a|a d
040 ## - CATALOGING SOURCE
- Original cataloging agency: OSt
- Transcribing agency: OSt
100 ## - HEADING--PERSONAL NAME
- Personal name: Prasad,V.S
670 ## - SOURCE DATA FOUND
- Source citation: Work cat.: (OSt): Prasad,V.S, Structural Analysis, 2011
